| 000 | 00385nam a2200145Ia 4500 | ||
|---|---|---|---|
| 008 | 150301s2003 xx 000 0 und d | ||
| 082 |
_a617.63 _bM03R |
||
| 100 | _aROBINSON, RICHARD | ||
| 245 | _aMEDICAL EMERGENCIES DIAGNOSIS AND MANEGEMENT | ||
| 250 | _a6TH | ||
| 260 |
_bCBS PUBLISHERS & DISTRIBUTORS _aDELHI _c2003 |
||
| 300 | _a1-417 | ||
| 650 | _aORAL MEDICINE | ||
| 942 |
_2ddc _cBK |
||
| 999 |
_c6960 _d6960 |
||